TB. OF PHARMACOLOGY FOR NURSES & ALLIED HEALTH SCIENCES (Record no. 2328)

MARC details
000 -LEADER
fixed length control field 00314nam a2200133Ia 4500
082 ## - DEWEY DECIMAL CLASSIFICATION NUMBER
Classification number 615
Item number P13K
100 ## - MAIN ENTRY--PERSONAL NAME
Personal name KAMALA, KANNAN P.
245 ## - TITLE STATEMENT
Title TB. OF PHARMACOLOGY FOR NURSES & ALLIED HEALTH SCIENCES
250 ## - EDITION STATEMENT
Edition statement 1ST
260 ## - PUBLICATION, DISTRIBUTION, ETC. (IMPRINT)
Name of publisher, distributor, etc CBS
Place of publication, distribution, etc DELHI
Year of Publication 2013
300 ## - PAGE DESCRIPTION
No. of Pages 383
650 ## - SUBJECT ADDED ENTRY--TOPICAL TERM
Topical term or geographic name as entry element PHARMACOLOGY
942 ## - ADDED ENTRY ELEMENTS (KOHA)
Source of classification or shelving scheme Dewey Decimal Classification
Koha item type Books
942 ## - ADDED ENTRY ELEMENTS (KOHA)
-- 4
Holdings
Withdrawn status Lost status Source of classification or shelving scheme Damaged status Not for loan Collection code Home library Current library Shelving location Date acquired Vendor Name Cost, normal purchase price SGTU Bill Number Total Checkouts Full call number Accession No. (Barcode) Date last seen Date last borrowed Bill Date Koha item type
    Dewey Decimal Classification     NURSING SGT Medical Library SGT Medical Library Text Book 06/07/2014 ABC DELHI 325.00 SGTU 4669 8 615 P13K FN1915 22/05/2025 08/05/2025 06/07/2014 Books